Дон Кишот Ла Манхский. (Запись № 11969111)
[ простой вид ]
| 000 -МАРКЕР | |
|---|---|
| контрольное поле | 01253nam1a22002651i 4500 |
| 001 - ИДЕНТИФИКАТОР ЗАПИСИ | |
| контрольное поле | RU\NLR\BIBL_A\012116216 |
| 005 - ИДЕНТИФИКАТОР ВЕРСИИ | |
| контрольное поле | 20260408234951.0 |
| 035 ## - ДРУГИЕ СИСТЕМНЫЕ НОМЕРА | |
| Идентификатор записи | (NLR Aleph) 012116216 |
| 100 ## - ДАННЫЕ ОБЩЕЙ ОБРАБОТКИ | |
| Данные общей обработки | 20191010g18041806 y0rusy50 ca |
| 101 1# - ЯЗЫК РЕСУРСА | |
| Язык текста, звукозаписи и т.д. | русский |
| Язык промежуточного перевода | французский |
| Язык оригинала | испанский, кастильский испанский |
| 102 ## - СТРАНА ПУБЛИКАЦИИ ИЛИ ПРОИЗВОДСТВА | |
| Страна публикации | Российская Федерация |
| 105 ## - ПОЛЕ КОДИРОВАННЫХ ДАННЫХ: ТЕКСТОВЫЕ МАТЕРИАЛЫ, МОНОГРАФИЧЕСКИЕ | |
| Кодированные данные о монографическом текстовом документе | a z 000ay |
| 200 1# - ЗАГЛАВИЕ И СВЕДЕНИЯ ОБ ОТВЕТСТВЕННОСТИ | |
| Основное заглавие | Дон Кишот Ла Манхский. |
| Первые сведения об ответственности | Сочинение Серванта. |
| Последующие сведения об ответственности | Переведено с французскаго Флорианова перевода. В. Жуковским |
| 210 ## - ПУБЛИКАЦИЯ, РАСПРОСТРАНЕНИЕ И ДР. | |
| Место издания, распространения и т.д. | Москва |
| Имя издателя, распространителя и т. д. | в типографии Платона Бекетова |
| Дата издания, распространения и т.д. | 1804-1806 |
| 215 ## - ФИЗИЧЕСКАЯ ХАРАКТЕРИСТИКА | |
| Специфическое обозначение материала и объем | 6 т. |
| Размеры | 18° (15 см) |
| 500 ## - УНИФИЦИРОВАННОЕ ЗАГЛАВИЕ | |
| Унифицированное заглавие | Дон Кихот |
| Системный номер авторитетной/нормативной записи | 2631267 |
| Идентификатор авторитетной / нормативной записи | RU\NLR\AUTH\559243 |
| 700 #1 - ИМЯ ЛИЦА - ПЕРВИЧНАЯ ОТВЕТСТВЕННОСТЬ | |
| Графика поля | Кириллица |
| Материалы, к которым относится поле | rus |
| Начальный элемент ввода | Сервантес Сааведра |
| Часть имени, кроме начального элемента ввода | М. де |
| Даты | 1547-1616 |
| Расширение инициалов личного имени | Мигель де |
| Системный номер авторитетной/нормативной записи | 118169 |
| Идентификатор авторитетной/нормативной записи | RU\NLR\AUTH\778257 |
| 702 #1 - ИМЯ ЛИЦА - ВТОРИЧНАЯ ОТВЕТСТВЕННОСТЬ | |
| Код отношения | Переводчик |
| Графика поля | Кириллица |
| Материалы, к которым относится поле | rus |
| Начальный элемент ввода | Жуковский |
| Часть имени, кроме начального элемента ввода | В. А. |
| Дополнения к именам, кроме дат | поэт |
| Даты | 1783-1852 |
| Расширение инициалов личного имени | Василий Андреевич |
| Системный номер авторитетной/нормативной записи | 115493 |
| Идентификатор авторитетной/нормативной записи | RU\NLR\AUTH\775529 |
| 702 #1 - ИМЯ ЛИЦА - ВТОРИЧНАЯ ОТВЕТСТВЕННОСТЬ | |
| Код отношения | Прочие |
| Графика поля | Кириллица |
| Материалы, к которым относится поле | rus |
| Начальный элемент ввода | Флориан |
| Часть имени, кроме начального элемента ввода | Ж. П. К. де |
| Даты | 1755-1794 |
| Расширение инициалов личного имени | Жан Пьер Клари де |
| Системный номер авторитетной/нормативной записи | 61482 |
| Идентификатор авторитетной/нормативной записи | RU\NLR\AUTH\7778554 |
| 852 ## - МЕСТОНАХОЖДЕНИЕ И ШИФР ХРАНЕНИЯ | |
| Идентификатор организации | NLR |
| Шифр хранения (Call Number) | 18.259.7.8 |
| 852 ## - МЕСТОНАХОЖДЕНИЕ И ШИФР ХРАНЕНИЯ | |
| Идентификатор организации | NLR |
| Шифр хранения (Call Number) | +Шифры разные |
| 942 ## - ДОПОЛНИТЕЛЬНЫЕ ЭЛЕМЕНТЫ ЗАПИСИ (АБИС) | |
| Тип экземпляра АБИС | Книга |
| 980 ## - КОЛЛЕКЦИЯ | |
| Название коллекции | Русская книга гражданской печати XIX в. |
Нет доступных экземпляров.